A Pénzvilág. - 27.évf. (1937) 12-13. sz.
Elmentve itt :
| Dokumentumtípus: | Folyóirat |
|---|---|
| Megjelent: |
1937
|
| Sorozat: | A Pénzvilág
27 No. 12-13 |
| Online Access: | http://misc.bibl.u-szeged.hu/69462 |
| LEADER | 00456nas a2200133 i 4500 | ||
|---|---|---|---|
| 001 | misc69462 | ||
| 005 | 20211013131900.0 | ||
| 008 | 211013s1937 hu o 0|| zxx d | ||
| 040 | |a SZTE Miscellanea Repozitórium |b hun | ||
| 041 | |a zxx | ||
| 245 | 0 | 2 | |a A Pénzvilág. - 27.évf. (1937) 12-13. sz. |h [elektronikus dokumentum] |
| 260 | |c 1937 | ||
| 490 | 0 | |a A Pénzvilág |v 27 No. 12-13 | |
| 856 | 4 | 0 | |u http://misc.bibl.u-szeged.hu/69462/1/penzvilag_1937_012_013.pdf |z Dokumentum-elérés |